000
00320nam a22001337a 4500
020
_a
9789350040409
082
_a
005.43
_b
GUP/WI
100
_a
Gupta, Vikas
245
_a
Windows XP with office 2007
260
_a
New Delhi
_b
Dreanmtech Press
_c
2010
300
_e
CD
490
_a
COmdex computer course kit
942
_c
BK
999
_c
13685
_d
13685